| 000 | 00791nam a2200169 i 4500 | ||
|---|---|---|---|
| 001 | 59228 | ||
| 003 | ES-MaACL | ||
| 005 | 20230906164006.0 | ||
| 007 | t| | ||
| 008 | 031027s1909 fr ||||1| fre d | ||
| 100 | 1 |
_aEichthal, Eugène d'. _946815 |
|
| 245 | 1 | 0 |
_aPages sociales / _cpar Eugene d' Eichthal. |
| 260 |
_aParís : _b[s.n., _c1909] ( _eChartres : _fImprimerie Durand) |
||
| 300 |
_aXVII, 225 p. ; _c18 cm. |
||
| 505 | 8 | _aContiene: Des bases du droit socialiste. Le leudemanin de la révolution sociale. L'Etat socialiste et la propiété. Le socialisme a l'oeuvre. Socialisme et syndicalisme. Solidarisme, solidarité et dévonement social. Théories sur l'Etat et la démocratie. Philosophie des sciences sociales et sociologie. Esthétique sociale | |
| 852 |
_aES-MaACL _jF-11867 |
||
| 999 |
_c59228 _d59228 |
||